000 00647nam a2200205 4500
999 _c11940
_d11940
003 AR-CdUCM
008 190405b ||||| |||| 00| 0 spa d
040 _aMUNICIPALIDAD PROVINCIAL DEL CUSCO
_cBIBLIOTECA MUNICIPAL DEL CUSCO
082 _aEP / 372.64 /
_bC27
110 _aCorporación grafica navarrete
_928585
245 _aCaperucita Roja /
260 _aLima :
_bCorporación grafica Navarrete,
300 _a10 paginas ;
_bilustraciones, graficos, dibujos,
_c34 cm.
500 _aCuento infantil
650 _aLiteratura
_983
650 _aCuento
_94671
650 _aLiteratura
_983
942 _2ddc
_cLIBROS
945 _apjha
_d2019-04-05